Guerre d'Alexandrie. Texte établi et traduit par Jean Andrieu /

Guardado en:
Autor Principal: César, Cayo Julio.
Formato: Libro
Idioma:Latin
French
Publicado: Paris : Les belles lettres, 1954.
Etiquetas: Agregar Etiqueta
Sin Etiquetas, Sea el primero en etiquetar este registro!
LEADER 00479nam a22001455a 4500
001 EHU.bham049708
005 20121024100143.0
008 041125s1954####fr############000#0#lat#d
041 0 |a lat  |a fre 
082 0 4 |a 878 
100 1 |a César, Cayo Julio. 
245 1 0 |a Guerre d'Alexandrie. Texte établi et traduit par Jean Andrieu /  |c Cayo J. César. 
260 |a Paris :  |b Les belles lettres,  |c 1954. 
300 |a 103 p. 
859 |a AR-BHAM  |b BIB. HUMANIDADES - Seccion BC  |h 878  |i C338-4  |p BC881/967  |t Ej.2  |v BC